000 01121nam a22003137a 4500
005 20250506093640.0
008 971010s1985 r 00010 d
010 _a64711
011 _a65683
035 _a72956
090 _aTesis
100 1 0 _aGallegos Vázquez, Clemente
_944424
245 _aContribución al conocimiento de los sistemas de producción de cosechas de secano del área de estudio del CREZAS-CP
260 _aChapingo, Méx. :
_bEl autor,
_c1985
300 _a207 h.
500 _a1992-17
502 _aTesis (Ing. Agr. Esp. en Zonas Aridas) -- UACH. Departamento de Zonas Aridas
590 _aALEPH
_b10
_c20130110
_lUCH01
_h1353
590 _aBATCH-UPD
_b10
_c20130110
_lUCH01
_h0255
590 _aBATCH-UPD
_b10
_c20130110
_lUCH01
_h1037
590 _aBATCH-UPD
_b10
_c20130410
_lUCH01
_h1342
590 _aBATCH-UPD
_b10
_c20130914
_lUCH01
_h0006
590 _aCONVERSION
_b10
_c20130109
_lUCH01
_h1335
650 1 4 _aAgricultura
_xZacatecas.
_91905
650 1 4 _aCultivos de secano.
_930373
650 1 4 _aSistemas de cultivo.
_9106746
901 _aBK
949 _bCR
_cTESBD
_d-5707
_eTS1
_h12
_i72956
_si
999 _c64711
_d64711